[Event "Chigorin Memorial 28th"]
[Site "St Petersburg"]
[Date "2021.10.27"]
[Round "5"]
[White "Tolstykh, Kirill"]
[Black "Zverolovlev, Igor"]
[Result "1-0"]
[WhiteElo "1816"]
[BlackElo "2089"]
[PlyCount "73"]
[EventDate "2021.10.23"]
[EventType "swiss"]
[EventRounds "9"]
[EventCountry "RUS"]
[SourceTitle "EXT 2023"]
[Source "ChessBase"]
[SourceDate "2022.10.05"]
[SourceVersion "1"]
[SourceVersionDate "2022.10.05"]
[SourceQuality "1"]

1. d4 d5 2. c4 c6 3. Nc3 Nf6 4. e3 Bf5 5. cxd5 Nxd5 6. Nf3 e6 7. Bc4 Nd7 8. 0-0 b5 9. Bb3 b4 10. Na4 Be7 11. Re1 Bg6 12. e4 N5b6 13. Bf4 c5 14. Rc1 Rc8 15. dxc5 Bxc5 16. Nxc5 Rxc5 17. Bd6 Rxc1 18. Qxc1 a5 19. e5 a4 20. Bc2 Qc8 21. Bxg6 hxg6 22. Bxb4 Qxc1 23. Rxc1 Rh5 24. g4 Rh3 25. Kg2 Rxf3 26. Kxf3 Nxe5+ 27. Ke2 Nxg4 28. Bc5 Nd5 29. Rc4 f5 30. h3 Ngf6 31. Rxa4 Ne4 32. Ra8+ Kd7 33. Ra7+ Kc6 34. Be3 f4 35. Bc1 Nc7 36. Bxf4 Nb5 37. Rxg7 1-0